| 000 | 00356nam a2200133Ia 4500 | ||
|---|---|---|---|
| 008 | 240624s9999 xx 000 0 und d | ||
| 041 | _aeng | ||
| 082 | _a339 MOS | ||
| 100 | _aMOSS DAVID A | ||
| 245 | _aCONCISE GUIDE TO MACROECONOMICS WHAT MAN | ||
| 260 |
_c2007 _aBoston _bHarvard Businesss School Press |
||
| 300 | _aix, : 189 : p. : cm. ; 24 | ||
| 365 | _c | ||
| 999 |
_c6161 _d6161 |
||